La dirección de proyectos en las organizaciones (Registro nro. 5848)

Detalles MARC
000 -LEADER
fixed length control field 01337 a2200217 4500
001 - CONTROL NUMBER
control field 54961
005 - DATE AND TIME OF LATEST TRANSACTION
control field 20260407155825.0
008 - FIXED-LENGTH DATA ELEMENTS--GENERAL INFORMATION
fixed length control field 260407a1999 arg spa d
003 - CONTROL NUMBER IDENTIFIER
control field AR-UNSa-BCEJYS
040 ## - CATALOGING SOURCE
Original cataloging agency AR-UNSa-BCEJYS
Language of cataloging spa
Transcribing agency AR-UNSa-BCEJYS
080 ## - UNIVERSAL DECIMAL CLASSIFICATION NUMBER
Universal Decimal Classification number 658.012.4
Common auxiliary subdivision Gestión. Dirección. Autoridad. Técnicas y métodos de gestión (gestión del conocimiento, Outsourcing, Benchmarking...)
020 ## - INTERNATIONAL STANDARD BOOK NUMBER
International Standard Book Number 84-7577-647-7
041 ## - LANGUAGE CODE
Language code of text/sound track or separate title spa
100 1# - MAIN ENTRY--PERSONAL NAME
Personal name Frame, J. Davidson
245 10 - TITLE STATEMENT
Title La dirección de proyectos en las organizaciones
Name of part/section of a work cómo utilizar bien el tiempo, las técnicas y la gente
264 #1 - PRODUCTION, PUBLICATION, DISTRIBUTION, MANUFACTURE, AND COPYRIGHT NOTICE
Place of production, publication, distribution, manufacture Barcelona :
Name of producer, publisher, distributor, manufacturer Granica
Date of production, publication, distribution, manufacture, or copyright notice 1999
300 ## - PHYSICAL DESCRIPTION
Extent 339 p.
Dimensions 22 cm.
505 ## - FORMATTED CONTENTS NOTE
Formatted contents note 1. Operar dentro de las realidades de la vida organizacional – 2.Trabajar con gente capaz – 3.Estructurar los equipos del proyecto y darles cohesión – 4.Asegurarse de que el proyecto se base sobre una necesidad clara – 5.Especificar lo que el proyecto debe lograr – 6.Instrumentos técnicos para realizar el proyecto – 7.Como dirigir proyectos complejos y resolver problemas especiales – 8.Como alcanzar buenos resultados: principios para triunfar como gerente de proyecto – 9.Las competencias básicas del manager de proyecto ,la dirección de proyectos como profesión.
590 ## - LOCAL NOTE (RLIN)
Local note niveau_biblio:m niveau_hierar:0
942 ## - ADDED ENTRY ELEMENTS (KOHA)
Koha item type
Existencias
Withdrawn status Lost status Damaged status Not for loan Home library Current library Shelving location Date acquired Total checkouts Full call number Barcode Date last seen Price effective from Koha item type
        Biblioteca Prof. Eusebio Cleto del Rey Biblioteca Prof. Eusebio Cleto del Rey   07/04/2026   658.012.4 F813 L128539 07/04/2026 07/04/2026 Libro